000 01033nam a2200265 a 4500
005 20170926081019.0
008 140221t1999 bo d|||fr|||| 00| 0 spa d
040 _aCO-BoIAVH
_cCO-BoIAVH
041 0 _aspa
044 _abo
082 0 4 _a591.7
_bC97s
111 2 _aCurso sobre evaluación y ecología de fauna silvestre en bosques de producción
_c(Cobija, Bolvia:
_d17-30 de mayo de 1999)
245 1 0 _aMemorias del curso sobre :
_bevaluación y ecología de fauna silvestre en bosques de producción /
_ceditado por José Carlos Herrera [y otros 3]
260 _aSanta Cruz (Bolivia) :
_bBOLFOR,
_c1999.
300 _a58 (8) páginas :
_btablas ;
_c21 x 15 cm.
650 2 6 _aFauna
650 2 6 _aEcología
650 2 6 _aEcosistemas forestales
651 _aBolivia
700 1 _aHerrera Flores, José Carlos
_eeditor
700 1 _aMostacedo, Bonifacio
_eeditor
700 1 _aRumiz, Damián
_eeditor
700 1 _aFredericksen, Todd
_eeditor
942 _cREVISTA
_2ddc
999 _c652
_d652